| 000 | 00666nam a22001577a 4500 | ||
|---|---|---|---|
| 003 | LRUA | ||
| 005 | 20200520142306.0 | ||
| 008 | 200520b xxu||||| |||| 00| 0 eng d | ||
| 040 | _cRUA | ||
| 082 | _aAGR LY 2012 B663 Or.1 | ||
| 100 |
_914255 _aLY VISAL លី វិសាល |
||
| 245 | _aវិធីសាស្រ្តដាំដុះ និងវិធានការគ្រប់គ្រងស្មៅចង្រៃតាមរដូវកាលដាំដុះនៃដំណាំស្រូវ rice establishment methods and weed managerment in season | ||
| 260 |
_aRUA _bPhnom penh _c2012 |
||
| 300 |
_axii;46p _bill; _c29cm |
||
| 942 |
_2ddc _cAGR |
||
| 999 |
_c19226 _d19226 |
||